00660nam a2200169 i 450000100060000000300090000600500170001500700030003200800410003510000430007624501300011926000370024930000330028685200320031999900170035195201220036839757ES-MaACL20230906160056.0t|030304s1971 sp ||||1| spa d1 aCantarero del Castillo, Manuel.93462910aTragedia del socialismo español b: (un estudio de los procesos socialistas en España) / cManuel Cantarero del Castillo. a[Barcelona] : bDopesa, c[1971] a295 p., 16 lám. ; c22 cm. aES-MaACLjC-46821 bR.77454 c39757d39757 00104070aATENEOMbATENEOMcDEPO2d2008-01-17eSCl0oC-46821p1041866r2023-02-23 00:00:00w2023-02-23yMONOGRAFIA